|
|
|
|
| LEADER |
00762nab a2200217 i 4500 |
| 001 |
acta53976 |
| 005 |
20260224081030.0 |
| 008 |
180702s2018 hu o 000 ger d |
| 020 |
|
|
|a 978-963-306-570-9
|
| 022 |
|
|
|a 0324-6523
|
| 040 |
|
|
|a SZTE Egyetemi Kiadványok Repozitórium
|b hun
|
| 041 |
|
|
|a ger
|
| 100 |
1 |
|
|a Fenyvesi Csaba
|
| 245 |
1 |
4 |
|a Die Gegenüberstellung als Beweisverfahren aus dem kriminalistischen Aspekt
|h [elektronikus dokumentum] /
|c Fenyvesi Csaba
|
| 260 |
|
|
|c 2018
|
| 300 |
|
|
|a 287-301
|
| 490 |
0 |
|
|a Acta Universitatis Szegediensis : acta juridica et politica
|v 81
|
| 650 |
|
4 |
|a Társadalomtudományok
|
| 650 |
|
4 |
|a Jogtudomány
|
| 695 |
|
|
|a Büntetőjog
|
| 856 |
4 |
0 |
|u http://acta.bibl.u-szeged.hu/53976/1/juridpol_081_257-271.pdf
|z Dokumentum-elérés
|